Welcome to CU Library Online Public Access Catalogue (OPAC)

Rhyme's reason : (Record no. 1564)

MARC details
000 -LEADER
fixed length control field 00653nam a2200217 a 4500
001 - CONTROL NUMBER
control field 2455206
005 - DATE AND TIME OF LATEST TRANSACTION
control field 20241126142651.0
008 - FIXED-LENGTH DATA ELEMENTS--GENERAL INFORMATION
fixed length control field 900123s1989 ctu b 001 0 eng
020 ## - INTERNATIONAL STANDARD BOOK NUMBER
International Standard Book Number 0300043074 (pbk. : alk. paper)
020 ## - INTERNATIONAL STANDARD BOOK NUMBER
International Standard Book Number 0300043066 (hard : alk. paper)
050 00 - LIBRARY OF CONGRESS CALL NUMBER
Classification number PE1505
Item number .H6 1989
082 00 - DEWEY DECIMAL CLASSIFICATION NUMBER
Classification number 821.009
Edition information 20
100 1# - MAIN ENTRY--PERSONAL NAME
Personal name Hollander, John.
245 10 - TITLE STATEMENT
Title Rhyme's reason :
Remainder of title a guide to English verse /
Statement of responsibility, etc. John Hollander.
250 ## - EDITION STATEMENT
Edition statement New enl. ed.
260 ## - PUBLICATION, DISTRIBUTION, ETC.
Place of publication, distribution, etc. New Haven :
Name of publisher, distributor, etc. Yale University Press,
Date of publication, distribution, etc. c1989.
300 ## - PHYSICAL DESCRIPTION
Extent vii, 88 p. ;
Dimensions 21 cm.
500 ## - GENERAL NOTE
General note incudes index
650 #0 - SUBJECT ADDED ENTRY--TOPICAL TERM
Topical term or geographic name entry element English language
General subdivision Versification.
942 ## - ADDED ENTRY ELEMENTS (KOHA)
Source of classification or shelving scheme Library of Congress Classification
Koha item type Books
Suppress in OPAC No
999 ## -
-- 1564
-- 1564
Holdings
Withdrawn status Lost status Source of classification or shelving scheme Damaged status Not for loan Collection Home library Current library Shelving location Date acquired Total checkouts Full call number Barcode Date last seen Copy number Price effective from Koha item type
    Library of Congress Classification     Non-fiction Undergraduate Library (Christ Temple) Undergraduate Library (Christ Temple) General stacks 11/26/2024   PR 508. V45 HOL ulct00000366 11/26/2024 1 11/26/2024 Books
    Library of Congress Classification     Non-fiction Undergraduate Library (Christ Temple) Undergraduate Library (Christ Temple) General stacks 11/26/2024   PR 508. V45 HOL ulct00000367 11/26/2024 2 11/26/2024 Books
© 2023-2024 Copyright: Central University Libraries. All Rights Reserved | Created by: Mahone Tech Office